| 000 | 00415nam a22001457a 4500 | ||
|---|---|---|---|
| 005 | 20241007131443.0 | ||
| 008 | 221027b |||||||| |||| 00| 0 eng d | ||
| 040 | _cSVYASA | ||
| 100 | _akarthik chandra datt | ||
| 245 | _aरजरम्मोहन्रय जिवन ओर दर्शन | ||
| 250 | _a1st ed | ||
| 260 |
_aAlahabad _bLokabharathi Prakashan _c1993 |
||
| 300 | _a397 p. | ||
| 942 |
_2ddc _cBKS _n0 |
||
| 999 |
_c18736 _d18736 |
||